000 00609cam a2200217 4500500
005 20260329003600.0
041 _afre
042 _adc
100 1 0 _aUngerer, Tomi
_eauthor
245 0 0 _aComment l’homme descend-il du singe ?
260 _c2016.
500 _a34
690 _aArgent
690 _aCréation
690 _aGenèse
690 _aHomme
690 _aSinge
690 _aTomi Ungerer
786 0 _nPhilosophie magazine | 97 | 3 | 2016-03-01 | p. 5-5 | 1951-1787
856 4 1 _uhttps://shs.cairn.info/magazine-philosophie-magazine-2016-3-page-5?lang=fr&redirect-ssocas=7080
999 _c1825802
_d1825802